| 000 | 00473nam a2200181Ia 4500 | ||
|---|---|---|---|
| 001 | 24355 | ||
| 005 | 20260414151037.0 | ||
| 008 | 260414t2007||||xx |||||||||||||| ||spa|| | ||
| 041 | _aESP | ||
| 082 |
_a345.52 _bM44 |
||
| 100 |
_aCarlos Mesía _eAUT |
||
| 245 | 0 |
_aEl proceso de hábeas corpus : _bDesde la jurisprudencia del tribunal constitucional |
|
| 260 | _c2007 | ||
| 300 |
_a149 páginas : _ccm. |
||
| 650 | _aDER | ||
| 654 | _aCDE | ||
| 942 |
_cLIB _dJUS _fJUS _2ddc _n |
||
| 999 |
_c24355 _d24355 |
||